000 00296nam a2200121 i 4500
001 bg
245 0 _aKodeks cywilny z suplementem :
_bstan prawny na dzieƄ 1 I 1992r.
260 _aWarszawa,
_c1992.
040 _cBPK
041 _apol
942 _cKS
008 s pl f |000 0 pol
999 _c29704
_d29704
856 _uhttp://koha.tu.koszalin.pl/cgi-bin/koha/opac-detail.pl?biblionumber=29704
_yKatalog online BPK